| 000 | 00539nam a2200217 a 4500 | ||
|---|---|---|---|
| 999 |
_c9557 _d9557 |
||
| 001 | 9557 | ||
| 003 | BD-JhCC | ||
| 005 | 20180319131001.0 | ||
| 008 | 180319s1966 n |||| || | 001 0 eng d | ||
| 035 | _a(BD-JhCC)9557 | ||
| 040 |
_aBD-JhCC _dBD-JhCC |
||
| 041 | _aeng | ||
| 082 |
_a923 _bGOU 1966 |
||
| 100 | _aGourlay, Jack | ||
| 245 |
_aBenito Mussolini A Biography / _cJack Gourlay, |
||
| 260 |
_aNew York : _bMonarch Press, Inc. _c1966 |
||
| 300 |
_a171 p. : _c23 cm. |
||
| 650 | _aBiography | ||
| 942 |
_2ddc _cBK |
||